Serie Lego - Statystyki

Ogólne statystyki
  • Ten quiz został rozwiązany 115 razy
  • Średni wynik to 11 z 40
Statystyki odpowiedzi
Podpowiedź Seria % Poprawnych
Zabudowania miejskie np. policja City
79%
Bohaterowie z Gotham City Batman
69%
Często 3w1, może to być prawie wszystko Creator
62%
Zestawy z uniwersum J.K. Rowling Harry Potter / Fantastic Beasts
61%
Znane budynki Architecture
56%
Zestawy stworzone z myślą o dziewczynach i przyjaciółkach Friends
56%
Obrazy Art
54%
Dla najmłodszych Duplo
54%
Ninja Ninjago
54%
Zamki i średniowiecze Castle
51%
Świat ze znanej gry z blokami Minecraft
43%
Zestawy z uniwersum Dartha Vadera Star Wars
43%
Zestawy oparte na pomysłach fanów Ideas
41%
Zestawy z filmu o łowcach duchów Ghostbusters
36%
Zestawy techniczne Technic
36%
Ludziki Minifigures
31%
Głowy lub postacie Brickheadz
30%
Świat marzeń Dreamzzz
30%
Kreatywne pudełko Classic
26%
Magiczny świat z elfami Elves
20%
Zestawy z filmu o zabawkach Toy Story
20%
Futurystyczni rycerze Nexo Knights
18%
Seria o grze z hydraulikiem Super Mario
18%
Bohaterowie komiksów DC DC Super Heroes
16%
Zestawy z uniwersum wytwórni filmowej Disney
16%
Bohaterowie komiksów Marvel Marvel Super Heroes
15%
Inspirowane kulturą azjatycką Monkie Kid
15%
Zestawy z gry Blizzard Entertaiment Overwatch
15%
Zestawy z filmu Netflixa typu horror/science fiction Stranger Things
15%
Uproszczone zestawy, łatwe do zbudowania Juniors
13%
Roboty do programowania poprzez aplikację Boost
11%
Przygodowa gra video w której ratuje się świat przed Lorden Vortechem Dimensions
8%
Zestawy z filmu o dinozaurach Jurasic World
8%
Zestawy o jeżu Sonic the Hedgehog
8%
Upiorne, kosmiczne Hidden Side
5%
Piloty do zestawów jeżdżących Powered Up
2%
Robienie filmów VIDIYO
2%
Mini-Roboty Mindstorms
0%
Piraci Pirates of the Caribbean
0%
Zestawy okolicznościowe Seasonal
0%
Nie znaleziono quizów pasujących do podanych kryteriów
Rozkład punktacji
Procent ludzi z każdym wynikiem
Percentyl według liczby udzielonych odpowiedzi
Twoja historia wyników
Nie rozwiązałeś tego quizu